000 00904nas a2200277 4500
001 BR2014006823
003 BR-BrBNA
005 20231205124650.0
007 ta
008 230509b bl.|||p| |||| 00| 00por d
040 _aBR-BrBNA
_bpor
_cBiblioteca Nacional de Agricultura
041 _a(Pt)
072 _aL72
100 1 _aMorrone, F.
100 1 _aMayworm, M.A.S.
100 1 _aTucci, E.C.
100 1 _aSalatino, A.
100 1 _aGuerreiro Flho, O.
245 1 _aAção acaricida de extratos foliares de espécies de Coffea (Rubiaceae)sobre Dermanyssus Gallinae (De Geer, 1778)(Acari, Dermanyssidae)
650 _aGALINHA PARA POSTURA
650 _aPRAGA DE ANIMAL
650 _aACARICIDA
773 0 _tArquivos do Instituto Biológico (Brazil)
_xISSN 0020-3653
_g(Jul-Dec 2001), v. 68(2) p. 43-47
_wBR2014006823
909 _a202311
_bLúcia
_c55
_dLúcia Elande
942 _2AGRIS
_n0
_cANA
999 _c240262
_d240262